Action Heroes - Statistics

General Stats
  • This quiz has been taken 42 times
  • The average score is 9 of 12
Answer Stats
Hint Answer % Correct
The Terminator Arnold Schwarzenegger
97%
Rocky Sylvester Stallone
94%
Die Hard Bruce Willis
91%
Mission Impossible Tom Cruise
89%
The Matrix Keanu Reeves
86%
Enter the Dragon Bruce Lee
83%
Rampage Dwayne Johnson
77%
Taken Liam Neeson
71%
The Fugitive Harrison Ford
63%
The Road Warrior Mel Gibson
57%
Alien Sigourney Weaver
57%
Delta Force Chuck Norris
51%
No matching quizzes found
Score Distribution
Percent of People with Each Score
Percentile by Number Answered
Your Score History
You have not taken this quiz